| 000 | 00792nam a2200205 i 4500 | ||
|---|---|---|---|
| 001 | 135695 | ||
| 003 | ES-MaACL | ||
| 005 | 20250808084009.0 | ||
| 007 | t| | ||
| 008 | 070214s1927 sp |||| | cat d | ||
| 100 | 1 |
_aJacobo de las Leyes. _9156752 |
|
| 245 | 1 | 0 |
_aObra dels alcayts el del Jutges / _cpor el Maestro [Jacobo de las Leyes] ; (versión catalana del siglo XIII, hasta ahora inédita, de Las flores de las leyes) ; anotada y publicada con un estudio preliminar por Pompeyo Claret Martí. |
| 260 |
_aBarcelona : _bSantiago Vives, _c1927. |
||
| 300 |
_a84 p. ; _c22 cm. |
||
| 650 | 7 |
_aDerecho- _zCastilla (Reino) _2 _9165029 |
|
| 700 | 1 |
_aClaret Martí, Pompeyo. _939012 |
|
| 740 | 4 | 2 | _aLas flores de las leyes. |
| 852 |
_aES-MaACL _jF-3290 |
||
| 999 |
_c135695 _d135695 |
||